Management by objectives / (Record no. 347190)

000 -LEADER
fixed length control field 00518 a2200169 4500
020 ## - INTERNATIONAL STANDARD BOOK NUMBER
International Standard Book Number 8171002552 (hardcover)
020 ## - INTERNATIONAL STANDARD BOOK NUMBER
International Standard Book Number 9788171002559 (hardcover)
090 ## - LOCALLY ASSIGNED LC-TYPE CALL NUMBER (OCLC); LOCAL CALL NUMBER (RLIN)
-- 4759
-- 4759
100 1# - MAIN ENTRY--PERSONAL NAME
Personal name Aggarwala, D.V.
245 10 - TITLE STATEMENT
Title Management by objectives /
Statement of responsibility, etc. D.V. Aggarwala.
260 ## - PUBLICATION, DISTRIBUTION, ETC.
Place of publication, distribution, etc. [S.l.] :
Name of publisher, distributor, etc. Deep & Deep Publications,
Date of publication, distribution, etc. 2002.
300 ## - PHYSICAL DESCRIPTION
Extent 190 p. ;
Dimensions 22 cm.
490 1# - SERIES STATEMENT
Series statement Mbo.
830 #0 - SERIES ADDED ENTRY--UNIFORM TITLE
Uniform title Mbo.
856 40 - ELECTRONIC LOCATION AND ACCESS
Materials specified Amazon.com
Uniform Resource Identifier <a href="http://www.amazon.com/exec/obidos/ASIN/8171002552/chopaconline-20">http://www.amazon.com/exec/obidos/ASIN/8171002552/chopaconline-20</a>
942 ## - ADDED ENTRY ELEMENTS (KOHA)
Institution code [OBSOLETE] NBS
Koha item type Book
Call number prefix 658 AGG
Holdings
Withdrawn status Lost status Damaged status Not for loan Permanent Location Current Location Date acquired Total Checkouts Full call number Barcode Date last seen Price effective from Koha item type
        Central Library (CL) Central Library (CL) 08/28/2013   658 AGG NBS4995 07/09/2014 08/28/2013 Book
© 2023 Central Library, National University of Sciences and Technology. All Rights Reserved.